000 00529nam a2200157Ia 4500
008 210716s2009 xx 000 0 und d
020 _a9788131721469
041 _aeng
082 _a658 ROBS
100 _aRobbins, Stephen P;Decenzo, David;Bhattacharyya, Sanghamitra;Agarwal, Madhushree Nanda.
245 _aFundamentals of management: essential concepts and applications.
_bessential concepts and applications.
250 _a1
260 _aNew Delhi
_bPearson Education
_c2009
300 _axxiv,468
650 _aMANAGEMENT
999 _c204735
_d204735